Creating without law (Record no. 1157929)

MARC details
000 -LEADER
fixed length control field 00738nam a2200253Ia 4500
003 - CONTROL NUMBER IDENTIFIER
control field OSt
005 - DATE AND TIME OF LATEST TRANSACTION
control field 20221007075944.0
008 - FIXED-LENGTH DATA ELEMENTS--GENERAL INFORMATION
fixed length control field 221006b |||||||| |||| 00| 0 eng d
020 ## - INTERNATIONAL STANDARD BOOK NUMBER
International Standard Book Number 9789386602954
037 ## - SOURCE OF ACQUISITION
Terms of availability Textual
040 ## - CATALOGING SOURCE
Original cataloging agency FLL
Transcribing agency FLL
Language of cataloging eng
041 ## - LANGUAGE CODE
Source of code eng
Language code of text/sound track or separate title eng
100 ## - MAIN ENTRY--PERSONAL NAME
Personal name DARLING Kate
9 (RLIN) 694437
245 #0 - TITLE STATEMENT
Title Creating without law
Remainder of title challenging the asumptions of intellectual property
260 ## - PUBLICATION, DISTRIBUTION, ETC.
Place of publication, distribution, etc. New Delhi
Name of publisher, distributor, etc. Sage INDIA
Date of publication, distribution, etc. 2017
300 ## - PHYSICAL DESCRIPTION
Extent vi,280p.
Dimensions cm.
700 ## - ADDED ENTRY--PERSONAL NAME
Personal name PERZANOWSKI Aaron
9 (RLIN) 694438
942 ## - ADDED ENTRY ELEMENTS (KOHA)
Classification part Z73,2673, Q7
Koha item type Textual
Source of classification or shelving scheme Colon Classification (CC)
Holdings
Withdrawn status Lost status Source of classification or shelving scheme Damaged status Not for loan Home library Current library Date acquired Total Checkouts Full call number Barcode Date last seen Price effective from Koha item type
    Colon Classification (CC)     Faculty of Law Library Faculty of Law Library 2022-10-07   Z73,2673 Q7 LL1616757 2022-10-07 2022-10-07 Textual
Copyright @ Delhi University Library System